Slow Math - Powers of 2 - Statistics

General Stats
  • This quiz has been taken 121 times
  • The average score is 24 of 32
Answer Stats
Power Number % Correct
2^1 2
100%
2^2 4
100%
2^0 1
98%
2^4 16
97%
2^3 8
97%
2^7 128
96%
2^8 256
96%
2^5 32
96%
2^6 64
96%
2^10 1,024
95%
2^11 2,048
95%
2^9 512
95%
2^12 4,096
91%
2^13 8,192
89%
2^14 16,384
87%
2^15 32,768
86%
2^16 65,536
76%
2^17 131,072
72%
2^18 262,144
70%
2^19 524,288
68%
2^20 1,048,576
67%
2^21 2,097,152
64%
2^22 4,194,304
61%
2^23 8,388,608
59%
2^24 16,777,216
52%
2^25 33,554,432
48%
2^26 67,108,864
47%
2^27 134,217,728
44%
2^28 268,435,456
42%
2^29 536,870,912
41%
2^30 1,073,741,824
36%
2^31 2,147,483,648
34%
No matching quizzes found
Score Distribution
Percent of People with Each Score
Percentile by Number Answered
Your Score History
You have not taken this quiz